LEADER 01584oam 2200445M 450 001 9910716401903321 005 20200213070615.5 035 $a(CKB)5470000002522131 035 $a(OCoLC)1065980117 035 $a(OCoLC)995470000002522131 035 $a(EXLCZ)995470000002522131 100 $a20071213d1927 ua 0 101 0 $aeng 135 $aurcn||||||||| 181 $ctxt$2rdacontent 182 $cc$2rdamedia 183 $acr$2rdacarrier 200 10$aProhibiting the sale of black bass in the District of Columbia. January 21, 1927. -- Ordered to be printed 210 1$a[Washington, D.C.] :$c[U.S. Government Printing Office],$d1927. 215 $a1 online resource (1 page) 225 1 $aSenate report / 69th Congress, 2nd session. Senate ;$vno. 1293 225 1 $a[United States congressional serial set] ;$v[serial no. 8685] 300 $aBatch processed record: Metadata reviewed, not verified. Some fields updated by batch processes. 300 $aFDLP item number not assigned. 606 $aBasses (Fish) 606 $aWildlife conservation 608 $aLegislative materials.$2lcgft 615 0$aBasses (Fish) 615 0$aWildlife conservation. 701 $aCapper$b Arthur$f1865-1951$pRepublican (KS)$01386839 801 0$bWYU 801 1$bWYU 801 2$bOCLCO 801 2$bOCLCQ 801 2$bOCLCO 801 2$bOCLCQ 906 $aBOOK 912 $a9910716401903321 996 $aProhibiting the sale of black bass in the District of Columbia. January 21, 1927. -- Ordered to be printed$93502420 997 $aUNINA